000
00274nam a2200109Ia 4500
001
1275981
005
20260417160438.0
008
260417s9999 xx 000 0 und d
020
_a
9786256999886
245
0
_a
Biricik Dünya’mız
_c
Nicola Davies
260
_b
Ketebe Çocuk
999
_c
1275981
_d
1275981